000 01142 a2200229 4500
001 3774
005 20260407155430.0
008 260407a2009 arg spa d
003 AR-UNSa-BCEJYS
040 _aAR-UNSa-BCEJYS
_bspa
_cAR-UNSa-BCEJYS
080 _a343.2
_xDerecho penal
245 1 0 _aJusticia penal de menores
020 _a978-987-03-1426-4
250 _a2a. ed.
264 1 _aBuenos Aires :
_bLa Ley
_c2009
300 _axxviii, 338 p.
_c24 cm.
505 _a1. La organización de la justicia nacional -- 2. El marco normativo interno -- 3. Las normas internacionales de protección de derechos del niño -- 4. Las garantías procesales -- 5. La práctica profesional y el abogado defensor -- 6. El proceso penal juvenil -- 7. La suspensión del juicio a prueba -- 8. El juicio abreviado -- 9. La imposición de pena a un niño -- 10. Los recursos contra la sentencia -- 11. El expediente tutelar
942 _cBK
590 _aniveau_biblio:m niveau_hierar:0
100 1 _aTerragni, Martiniano
856 4 1 _uhttps://biblioeco.unsa.edu.ar/pmb/images/libros/Justicia penal de menores-l117750.jpg
_yImagen de portada
_qimage/jpeg
999 _c359
_d359